Normal view
MARC view
- Sewage.
Entry Topical Term
001 - CONTROL NUMBER
- control field: 8582
003 - CONTROL NUMBER IDENTIFIER
- control field: NUST
005 - DATE AND TIME OF LATEST TRANSACTION
- control field: 20180118095740.0
008 - FIXED-LENGTH DATA ELEMENTS
- fixed length control field: 180118|| aca||aabn | a|a d
040 ## - CATALOGING SOURCE
- Original cataloging agency: NUST
- Transcribing agency: NUST
150 ## - HEADING--TOPICAL TERM
- Topical term or geographic name entry element: Sewage.
670 ## - SOURCE DATA FOUND
- Source citation: Work cat.: (NUST)0: Viessman, Warren. 715, Water supply and pollution control /, c1985.
